MDQL
is popping MORE tags! Check the
thread
!
Quizzes
Events
Quiz Creation
Community
Videos
Private Events
Remove Ads
Sign In
Join for FREE
Feedback
Dark Mode
Quiz Categories
Sports
Geography
Music
Movies
Television
Just For Fun
Miscellaneous
History
Literature
Language
Science
Gaming
Entertainment
Religion
Holiday
For Kids
Quiz Lab
Recent
Popular Today
Quiz Kudos Today
Editor Picks
Curator Picks
Quizzes by...
Day
Popularity
Type
Ratings
Length
Year
Community
Subscriptions
Recent Discussions
Orange Saloon
Badges
Playlists
Quests
Create
Leaderboards
Showdown
Live 5
Trivia Bingo
Activity
Puzzle Library
Sporcle Events
Private Events
Virtual Trivia
Globe League
Become a Host
Pub Owners
SporcleCon
Opinionation
Our Games
Videos
Blog
Mobile Apps
Partnerships
Remove Ads and Go Orange
Feedback
Movies
Disney
Marvel Cinematic Universe
Movie Resume
Movie Titles
Oscar
Actor
Actress
Director
Pixar
Role
Movie Quotes
Movie Characters
Box Office
Nominee
Best Picture
Star Wars
James Bond
Horror Movies
Movies
Disney
Marvel Cinematic Universe
Movie Resume
Movie Titles
Oscar
Actor
Actress
Director
Pixar
Role
Movie Quotes
Movie Characters
Box Office
Nominee
Best Picture
Star Wars
James Bond
Horror Movies
Random Quiz
Search Sporcle
×
Quiz Lab
Quiz Lab
Movies
Box Office
Type in answers that appear in a list
Type in answers that appear in a list
Classic
Best Score? Go Orange.
Top 3 Grossing Movies of Each Year of the 90s Stats
Can you name the Top 3 Grossing Movies of Each Year of the 90s?
By
DRobe772
6m
30 Questions
172 Plays
172 Plays
172 Plays
Comments
Comments
Give Quiz Kudos
Give Quiz Kudos
-
- Ratings
hide this ad
More Info
Replay
Link that replays current quiz
Next Quiz
Link to next quiz in quiz playlist
You Got
0%
They Got
Avg Score
49%
Avg Friend Score
Upgrade to see
Score Distribution
Jump to the score distribution portion of the page
Score
0/30
Timer
06:00
0
Plays Today
Hint
Answer
% Correct
1997
Titanic
84.7%
1994
Forrest Gump
77.6%
1993
Jurassic Park
72.4%
1994
The Lion King
70.6%
1995
Toy Story
70%
1992
Aladdin
65.9%
1991
Beauty and the Beast
64.7%
1991
Terminator 2: Judgement Day
62.4%
1999
Star Wars Episode I The Phantom Menace
60.6%
1999
Toy Story 2
60%
1996
Independence Day
59.4%
1998
Saving Private Ryan
58.2%
1990
Home Alone
53.5%
1996
Mission: Impossible
48.8%
1999
The Sixth Sense
47.1%
Hint
Answer
% Correct
1997
Men in Black
45.3%
1990
Dances with Wolves
44.7%
1992
Batman Returns
44.1%
1997
The Lost World: Jurassic Park
44.1%
1990
Ghost
42.4%
1995
Batman Forever
38.8%
1992
Home Alone 2
37.6%
1998
Armageddon
35.3%
1993
The Fugitive
32.4%
1993
Mrs. Doubtfire
31.8%
1995
Apollo 13
30.6%
1996
Twister
26.5%
1994
True Lies
24.7%
1991
Robin Hood: Prince of Thieves
21.2%
1998
There's Something About Mary
17.6%
Quiz Playlist
Details
Report
Send in Message
Add To Playlist
More Info:
All box office grosses are measured by US domestic box office.
Classic:
Type in answers that appear in a list
Quiz Source
Last Updated: May 6, 2017
Quiz Scoreboard
CHALLENGE
Sign Up to Join the Scoreboard
Show All
Scores
Hide
Comments
May contain spoilers
Recently Published
Image Sorting: Flags VI
by Barbecue
Geography
2m
Find the 'City' Movie
by crazypaving
Movies
60s
Colored Red Africa Blitz
by spor1
Geography
45s
More to Explore
Quiz From the Vault
Featured Blog Post
14 Easter Pick-up Lines to Find Eggs With
hide this ad
You Might Also Like...
Tags
Box Office Quiz
1990s
Top 3
Today's Top Quizzes in Movies
Browse Movies
hide this ad
Today's Top Quizzes in Box Office
Browse Box Office
Top Contributed Quizzes in Movies
1
Find The 'Big' Movie
2
Find The 'Blue' Movie
3
Find The 'Wild' Movie
4
Movies By Plot
5
The ultimate James Bond movie quiz
6
Hidden Star Wars Character II
7
Pick 5 Posters: Directed by Spielberg
8
Hidden Star Wars Character III
9
Hidden Star Wars Character IV
10
25 Best Actor Nominees (1990s)
Explore More
Trending Topics
Disney
NBA
Marvel
Anime
Harry Potter
Kpop
Crossword
Country
Soccer
NFL
Puzzle
The Office
WWE
Song
Pokémon
hide this ad
More By:
DRobe772
Quiz
Plays
Rating
Category
Featured
Created
Billboard Alternative Artists Most Weeks at #1 (1990s)
8,124
4.63
Music
Mar 26, 2017
AP Statistics - 2.4 Standard Dev and Weighted Mean
2,265
Science
Sep 2, 2020
AP Statistics - 1.1 Data and Variables
1,916
Science
Aug 14, 2020
AP Statistics - 1.5 Experiment Design
1,508
4.50
Science
Aug 19, 2020
Billboard Hot 100 Artists Most Weeks at #1 (1980s)
1,462
4.71
Music
Apr 7, 2017
Go to Creator's Profile
Score Distribution
Quiz Creator Spotlight
DRobe772
Follow
Send a Message
Quizzes Created
-
Created Quiz Play Count
-
More By This Creator
Popular Quizzes Today
1
Colored Red Africa Blitz
2
Find the US States - No Outlines Minefield
3
Find the 'City' Movie
4
5x2 Blitz: Bands
5
The Countries of the World
6
Find the US States
7
Find the Countries of Europe - No Outlines Minefield
8
US States
More Movies Quizzes
Movie Poster Jigsaw Puzzles
Published
Trending Quizzes
Colored Red Europe Blitz I
Colored Red Europe Blitz II
Colored Red Africa Blitz II
Colored Red Europe Blitz III
Colored Red Africa Blitz III
Recently Updated
How Do You Spell That?
pecheneg
Godzilla Movies
pecheneg
Grab Bag: 4-10 Letters
pecheneg
2024 March Madness Bracket
pecheneg
Famous TV Couples
Peacemaker
Champions League XIs: Real Madrid
pecheneg
Largest US Cities 1790-2010
pecheneg
Rides in Walt Disney World
pecheneg
Most Oscar Losses (Acting)
pecheneg
Beyoncé Albums
pecheneg
Trending Topics
NBA
Crossword
Disney
Marvel
Harry Potter
Anime
Kpop
NFL
Soccer
The Office
Puzzle
Pokémon
Song
WWE
Country
Your Account Isn't Verified!
In order to create a playlist on Sporcle, you need to verify the email address you used during registration. Go to your
Sporcle Settings
to finish the process.
Report this User
Report this user for behavior that violates our
Community Guidelines
.
Details:
Send Report
Go to the Sporcle.com Mobile Site →
Comments